000 01047nmc a2200373 a 4500
003 AR-BaBNM
005 20251128205406.0
008 297019s[s.f ||||||||||||||000 | spa||
020 _a84-297-2370-6
040 _cAR-BaBNM
100 1 _aCantimori, Delio
245 1 0 _aLos historiadores y la historia
260 _aBarcelona
_bEdiciones PenĂ­nsula
_c[s.f.]
300 _a365 p.
490 0 _aHistoria, ciencia, sociedad
_vv. 196
600 1 4 _aFebvre, Lucien Paul Victor
_d1878-1956
600 1 4 _aCroce, Benedetto
_d1866-1952
600 1 4 _aWeber, Max
_d1864-1920
650 4 _aHISTORIOGRAFIA
650 4 _aHISTORIOGRAFIA
650 4 _aHISTORIA
650 4 _aHISTORIADORES
650 4 _aMETODO HISTORICO
650 4 _aINVESTIGACION HISTORICA
650 4 _aESCRITURA HISTORICA
650 4 _aANALISIS HISTORICO
650 4 _aHISTORIA CULTURAL
650 4 _aRENACIMIENTO
653 _aBARROCO
700 1 _aCardini, Franco
_eprologuista
700 1 _aMoya, Antonio Prometeo
_etraductor
942 _cBK
998 _cmariana
999 _c11233
_d11233